Introducción a la economía cibernética / (Record no. 89152)

MARC details
000 -LEADER
campo de control de longitud fija 00670nam a2200193 i 4500
001 - NÚMERO DE CONTROL
campo de control 89152
003 - IDENTIFICADOR DE NÚMERO DE CONTROL
campo de control ES-MaACL
005 - FECHA Y HORA DE LA ÚLTIMA TRANSACCIÓN
campo de control 20230906180104.0
007 - CAMPO FIJO DE DESCRIPCIÓN FÍSICA--INFORMACIÓN GENERAL
campo de control de longitud fija t|
008 - DATOS DE LONGITUD FIJA--INFORMACIÓN GENERAL
campo de control de longitud fija 050105s1969 sp ||||1| spa d
100 1# - ENTRADA PRINCIPAL--NOMBRE DE PERSONA
Nombre de persona Lange, Oskar.
9 (RLIN) 70026
245 10 - MENCIÓN DEL TÍTULO
Título Introducción a la economía cibernética /
Mención de responsabilidad, etc. por Oskar Lange ; en colaboración con Antoni Banasinski ; traducción de Mercedes Escamilla de Kurticz.
250 ## - MENCION DE EDICION
Mención de edición [1ª ed.].
260 ## - PUBLICACIÓN, DISTRIBUCIÓN, ETC.
Lugar de publicación, distribución, etc. [Madrid] :
Nombre del editor, distribuidor, etc. Siglo Veintiuno de España,
Fecha de publicación, distribución, etc. [1969]
300 ## - DESCRIPCIÓN FÍSICA
Extensión VIII, 192 p. ;
Dimensiones 21 cm.
700 1# - ENTRADA AGREGADA--NOMBRE PERSONAL
Nombre de persona Banasinski, Antoni.
9 (RLIN) 25158
700 1# - ENTRADA AGREGADA--NOMBRE PERSONAL
Nombre de persona Escamilla de Kurticz, Mercedes.
9 (RLIN) 47494
852 ## - LOCALIZACIÓN
Ubicación ES-MaACL
Número de control de estantería C-39552
Sublocalización o colección R.71408
Holdings
Estatus retirado Estado de pérdida Estado de daño No para préstamo Biblioteca de origen Biblioteca actual Ubicación en estantería Fecha de adquisición Fuente de adquisición Total de préstamos Signatura topográfica completa Código de barras Visto por última vez Precio de reemplazo Tipo de ítem Koha
        Biblioteca del Ateneo de Madrid Biblioteca del Ateneo de Madrid Depósito 2 17/01/2008     C-39552 1093111 23/02/2023 23/02/2023 Libro impreso